[Event "World-chT Rapid"]
[Site "Dusseldorf"]
[Date "2023.08.28"]
[Round "10"]
[White "Bergmans, Dirk"]
[Black "Haug, Havard"]
[Result "0-1"]
[WhiteElo "2015"]
[BlackElo "2199"]
[PlyCount "52"]
[EventDate "2023.08.26"]
[EventType "team-swiss (rapid)"]
[EventRounds "12"]
[EventCountry "GER"]
[SourceTitle "CBM 215 Extra"]
[Source "ChessBase"]
[SourceDate "2023.09.30"]
[SourceVersion "1"]
[SourceVersionDate "2023.09.30"]
[SourceQuality "1"]
[WhiteTeam "Blerickse Schaakvereniging"]
[BlackTeam "Deutsche Schachjugend"]
[WhiteTeamCountry "NED"]
[BlackTeamCountry "GER"]

1. b3 d5 2. Bb2 c5 3. f4 Nc6 4. Nf3 e6 5. e3 Nf6 6. Bb5 Bd7 7. 0-0 Bd6 8. d3 0-0 9. Nbd2 Nb8 10. Bxd7 Nbxd7 11. Qe1 Qe7 12. Qg3 Rae8 13. Be5 Bxe5 14. fxe5 Nh5 15. Qh3 g6 16. g4 Ng7 17. Qh6 f6 18. exf6 Rxf6 19. Ng5 Nf5 20. gxf5 gxf5 21. Qh5 Rg6 22. Kh1 Qxg5 23. Qh3 Ne5 24. Rae1 Kh8 25. Rg1 Ng4 26. Nf3 Nf2# 0-1

[Event "World-chT Rapid"]
[Site "Dusseldorf"]
[Date "2023.08.28"]
[Round "9"]
[White "Diller, Daniel"]
[Black "Bergmans, Dirk"]
[Result "1-0"]
[WhiteElo "2120"]
[BlackElo "2015"]
[PlyCount "65"]
[EventDate "2023.08.26"]
[EventType "team-swiss (rapid)"]
[EventRounds "12"]
[EventCountry "GER"]
[SourceTitle "CBM 215 Extra"]
[Source "ChessBase"]
[SourceDate "2023.09.30"]
[SourceVersion "1"]
[SourceVersionDate "2023.09.30"]
[SourceQuality "1"]
[WhiteTeam "Heilbronn Hustlers"]
[BlackTeam "Blerickse Schaakvereniging"]
[WhiteTeamCountry "GER"]
[BlackTeamCountry "NED"]

1. d4 d5 2. Bf4 c5 3. e3 Nf6 4. Nd2 e6 5. Ngf3 Bd6 6. dxc5 Bxc5 7. Bd3 0-0 8. 0-0 b6 9. c4 Bb7 10. Qe2 Nbd7 11. a3 a5 12. Rfd1 Re8 13. cxd5 Nxd5 14. Bg3 Qe7 15. Ne4 Rac8 16. Rac1 N7f6 17. Bh4 Qf8 18. Nxc5 Rxc5 19. Nd4 Rec8 20. Rxc5 Rxc5 21. Bg3 Qc8 22. Nb3 Rc6 23. e4 Ne7 24. Nd4 Rc5 25. Bd6 Ng6 26. Bxc5 Qxc5 27. Nb3 Qg5 28. g3 h5 29. Qe3 Qg4 30. Be2 Qh3 31. Bf1 Qg4 32. f3 Nd5 33. Rxd5 1-0

[Event "World-chT Rapid"]
[Site "Dusseldorf"]
[Date "2023.08.27"]
[Round "6.16"]
[White "Bergmans, Dirk"]
[Black "Pheng, Wissam"]
[Result "0-1"]
[WhiteElo "2015"]
[BlackElo "1940"]
[PlyCount "108"]
[EventDate "2023.08.26"]
[EventType "team-swiss (rapid)"]
[EventRounds "12"]
[EventCountry "GER"]
[SourceTitle "CBM 215 Extra"]
[Source "ChessBase"]
[SourceDate "2023.09.30"]
[SourceVersion "1"]
[SourceVersionDate "2023.09.30"]
[SourceQuality "1"]
[WhiteTeam "Blerickse Schaakvereniging"]
[BlackTeam "Lausanne Ecole Polytechnique"]
[WhiteTeamCountry "NED"]
[BlackTeamCountry "SUI"]

1. d4 d5 2. Bf4 c5 3. e3 Nc6 4. c3 Qb6 5. Qb3 c4 6. Qxb6 axb6 7. Nd2 Bf5 8. a3 e6 9. Ngf3 h6 10. Be2 Nf6 11. h3 b5 12. Rc1 Nd7 13. 0-0 Nb6 14. Bd1 Na4 15. Bxa4 bxa4 16. Rfe1 g5 17. Bg3 Bg6 18. e4 0-0-0 19. exd5 exd5 20. Ne5 Nxe5 21. Bxe5 Rg8 22. Bf6 Rd6 23. Be7 Rb6 24. Bb4 Kd7 25. Nf3 f6 26. Re3 Bd6 27. Rce1 Re8 28. g3 h5 29. h4 g4 30. Nd2 Bb8 31. Re7+ Rxe7 32. Rxe7+ Kc8 33. Rg7 Be8 34. Nf1 Re6 35. Ne3 Bxg3 36. Nxd5 Bxh4 37. Ba5 Re1+ 38. Kh2 Re2 39. Rc7+ Kb8 40. Re7 Rxe7 41. Nxe7 Bxf2 42. Nd5 Bc6 43. Nf4 g3+ 44. Kh3 h4 45. Bd8 Be3 46. Ng2 Bxg2+ 47. Kxg2 Bg5 48. d5 Kc8 49. Be7 Kd7 50. d6 Bc1 51. Bxf6 Bxb2 52. Bxh4 Bxa3 53. Kxg3 Bxd6+ 54. Kf3 a3 0-1

[Event "World-chT Rapid"]
[Site "Dusseldorf"]
[Date "2023.08.27"]
[Round "5.15"]
[White "Bremner, Adam"]
[Black "Bergmans, Dirk"]
[Result "1-0"]
[WhiteElo "2176"]
[BlackElo "2015"]
[PlyCount "108"]
[EventDate "2023.08.26"]
[EventType "team-swiss (rapid)"]
[EventRounds "12"]
[EventCountry "GER"]
[SourceTitle "CBM 215 Extra"]
[Source "ChessBase"]
[SourceDate "2023.09.30"]
[SourceVersion "1"]
[SourceVersionDate "2023.09.30"]
[SourceQuality "1"]
[WhiteTeam "The Sharks"]
[BlackTeam "Blerickse Schaakvereniging"]
[WhiteTeamCountry "ENG"]
[BlackTeamCountry "NED"]

1. d4 d5 2. c4 e6 3. Nf3 a6 4. cxd5 exd5 5. Nc3 c6 6. Bg5 Nf6 7. e3 h6 8. Bh4 Be7 9. Bd3 0-0 10. h3 Ne4 11. Bxe7 Qxe7 12. Rc1 Bf5 13. Bxe4 Bxe4 14. Nxe4 dxe4 15. Nd2 f5 16. 0-0 Qf7 17. Qb3 Qxb3 18. Nxb3 Nd7 19. Nc5 Nxc5 20. Rxc5 Rad8 21. Rfc1 Rd7 22. b4 Re7 23. g3 g5 24. d5 cxd5 25. Rxd5 Kg7 26. Rcd1 Kf6 27. Rd6+ Re6 28. Rd7 Rf7 29. Rd8 f4 30. exf4 gxf4 31. g4 e3 32. Re1 e2 33. f3 Rfe7 34. Kf2 Kg5 35. Rd5+ Kg6 36. h4 Re3 37. Rd2 a5 38. bxa5 Ra3 39. Rdxe2 Rxe2+ 40. Rxe2 Rxa5 41. Rb2 b5 42. Kg2 Kf6 43. Rc2 Ke5 44. Kh3 Kd4 45. g5 Kd3 46. Rg2 Ke3 47. Kg4 h5+ 48. Kxh5 Kxf3 49. Rb2 Kg3 50. g6 f3 51. g7 b4+ 52. Kh6 Ra8 53. Rxb4 f2 54. Rb1 Kxh4 1-0

[Event "Oberliga NRW 1819"]
[Site "Germany"]
[Date "2019.04.14"]
[Round "8.8"]
[White "Schmidt, Martin3333"]
[Black "Bergmans, Dirk"]
[Result "1-0"]
[WhiteElo "2047"]
[BlackElo "2027"]
[PlyCount "71"]
[EventDate "2018.09.16"]
[EventType "team-tourn"]
[EventRounds "9"]
[EventCountry "GER"]
[SourceTitle "EXT 2020"]
[Source "ChessBase"]
[SourceDate "2019.10.17"]
[SourceVersion "1"]
[SourceVersionDate "2019.10.17"]
[SourceQuality "1"]
[WhiteTeam "Koeln SF"]
[BlackTeam "Dinslaken"]
[WhiteTeamCountry "GER"]
[BlackTeamCountry "GER"]

1. d4 Nf6 2. Nc3 d5 3. Bf4 c5 4. e3 a6 5. Nf3 Bg4 6. h3 Bxf3 7. Qxf3 Nc6 8. dxc5 e6 9. 0-0-0 Bxc5 10. e4 d4 11. e5 Qa5 12. exf6 dxc3 13. fxg7 Rg8 14. Bc4 Qb4 15. Qxc3 Qxc3 16. bxc3 Rxg7 17. Bg3 Ne7 18. Bd3 Ba3+ 19. Kd2 Nd5 20. Rb1 b5 21. Rb3 Be7 22. c4 bxc4 23. Bxc4 Nf6 24. Bd3 Nh5 25. Bb8 Rxg2 26. Be4 Rxf2+ 27. Ke1 Bh4 28. Bxa8 Rxc2+ 29. Kd1 Rxa2 30. Be5 f6 31. Bc6+ Kf7 32. Rb7+ Kg6 33. Be4+ f5 34. Rg1+ Kh6 35. Bxf5 Ra5 36. Rxh7# 1-0

[Event "Oberliga NRW 1819"]
[Site "Germany"]
[Date "2018.11.18"]
[Round "3.7"]
[White "Wagenknecht, Uwe"]
[Black "Bergmans, Dirk"]
[Result "1/2-1/2"]
[WhiteElo "2200"]
[BlackElo "2027"]
[PlyCount "51"]
[EventDate "2018.09.16"]
[EventType "team-tourn"]
[EventRounds "9"]
[EventCountry "GER"]
[SourceTitle "EXT 2020"]
[Source "ChessBase"]
[SourceDate "2019.10.17"]
[SourceVersion "1"]
[SourceVersionDate "2019.10.17"]
[SourceQuality "1"]
[WhiteTeam "Koeln Porz"]
[BlackTeam "Dinslaken"]
[WhiteTeamCountry "GER"]
[BlackTeamCountry "GER"]

1. Nf3 d5 2. g3 Nf6 3. Bg2 Bf5 4. d3 e6 5. Nbd2 h6 6. 0-0 Be7 7. b3 0-0 8. Bb2 c6 9. c4 a5 10. a3 Na6 11. Qc2 Bh7 12. Bc3 b5 13. cxd5 cxd5 14. Qb2 b4 15. axb4 Nxb4 16. Ne5 Qb6 17. Bd4 Qb5 18. Rfc1 Rfc8 19. Rxc8+ Rxc8 20. Rc1 Qa6 21. Bh3 Ne8 22. Rxc8 Qxc8 23. Qc3 Qxc3 24. Bxc3 Nd6 25. Bd4 Nb7 26. Kf1 1/2-1/2

[Event "Oberliga NRW 1819"]
[Site "Germany"]
[Date "2018.09.16"]
[Round "1.8"]
[White "Bergmans, Dirk"]
[Black "Patscha, Elias"]
[Result "1/2-1/2"]
[WhiteElo "2027"]
[BlackElo "2179"]
[PlyCount "76"]
[EventDate "2018.09.16"]
[EventType "team-tourn"]
[EventRounds "9"]
[EventCountry "GER"]
[SourceTitle "EXT 2020"]
[Source "ChessBase"]
[SourceDate "2019.10.17"]
[SourceVersion "1"]
[SourceVersionDate "2019.10.17"]
[SourceQuality "1"]
[WhiteTeam "Dinslaken"]
[BlackTeam "Wuppertal Bahn"]
[WhiteTeamCountry "GER"]
[BlackTeamCountry "GER"]

1. d4 d5 2. Bf4 Bf5 3. e3 e6 4. c4 Bxb1 5. Qxb1 Bb4+ 6. Kd1 Nf6 7. Bd3 dxc4 8. Bxc4 Nh5 9. Bg3 Nxg3 10. hxg3 h6 11. Qe4 c6 12. Nf3 Nd7 13. Ne5 Nf6 14. Qc2 Bd6 15. Nd3 Qa5 16. Ke2 Qf5 17. Rac1 0-0 18. Nf4 Qg4+ 19. Kf1 Nd5 20. Be2 Qg5 21. Qe4 Nf6 22. Qc2 Rfe8 23. a3 Qa5 24. Bc4 Rac8 25. Ba2 c5 26. d5 Bxf4 27. dxe6 fxe6 28. gxf4 Kh8 29. Bb1 Rcd8 30. Qg6 Qb5+ 31. Kg1 Qxb2 32. Rf1 Rf8 33. g4 Qe2 34. Rxh6+ gxh6 35. Qxh6+ Kg8 36. Qg6+ Kh8 37. Qh6+ Kg8 38. Qg6+ Kh8 1/2-1/2

[Event "Goch op 25th"]
[Site "Goch"]
[Date "2014.09.06"]
[Round "4"]
[White "Bergmans, Dirk"]
[Black "Hinkmann, Jens"]
[Result "1-0"]
[WhiteElo "1876"]
[BlackElo "2111"]
[PlyCount "135"]
[EventDate "2014.09.04"]
[EventType "swiss"]
[EventRounds "7"]
[EventCountry "GER"]
[SourceTitle "EXT 2016"]
[Source "ChessBase"]
[SourceDate "2015.10.08"]
[SourceVersion "1"]
[SourceVersionDate "2015.10.08"]
[SourceQuality "1"]

1. d4 d5 2. c4 Nc6 3. Nf3 Bg4 4. e3 e5 5. dxe5 dxc4 6. Qa4 Bxf3 7. gxf3 Qd5 8. Bg2 b5 9. Nc3 Bb4 10. Qxb4 Nxb4 11. Nxd5 Nxd5 12. f4 0-0-0 13. Bd2 f6 14. a4 b4 15. Bxd5 Rxd5 16. exf6 Nxf6 17. Bxb4 Re8 18. Rc1 a5 19. Bc3 Ne4 20. Ke2 g6 21. Rhd1 Rh5 22. Rh1 Nc5 23. Be5 Nd3 24. Rxc4 Nxe5 25. fxe5 Rexe5 26. Rhc1 Re7 27. h4 Rf7 28. R1c2 Kb8 29. b4 axb4 30. Rxb4+ Kc8 31. Rcc4 Rd7 32. Rb5 Rxb5 33. axb5 Kb7 34. Rc5 Kb6 35. Re5 Rf7 36. h5 Rf5 37. Re6+ Kxb5 38. hxg6 hxg6 39. Rxg6 c5 40. f4 Kb4 41. Rb6+ Kc3 42. Kf3 c4 43. Rc6 Kd3 44. e4 Rf8 45. e5 c3 46. Rd6+ Kc4 47. Ke4 Rc8 48. Rd1 Kb3 49. Rb1+ Kc2 50. Rf1 Kd2 51. e6 c2 52. f5 Rc4+ 53. Ke5 Rc5+ 54. Kf6 Rc6 55. Kf7 Rc5 56. f6 Rf5 57. Ra1 Ra5 58. Rxa5 c1Q 59. Rd5+ Ke3 60. e7 Ke4 61. Rd8 Qc4+ 62. Kg6 Kf3 63. e8Q Qg4+ 64. Kf7 Qh5+ 65. Kg7 Qg5+ 66. Qg6 Qe5 67. Re8 Qd4 68. Qe4+ 1-0

[Event "Maastricht Limburg op-B 5th"]
[Site "Maastricht"]
[Date "2011.06.11"]
[Round "3"]
[White "Bergmans, Dirk"]
[Black "Bruls, Peter"]
[Result "1/2-1/2"]
[WhiteElo "1871"]
[BlackElo "1845"]
[PlyCount "29"]
[EventDate "2011.06.10"]
[EventType "swiss"]
[EventRounds "7"]
[EventCountry "NED"]
[SourceTitle "EXT 2012"]
[Source "ChessBase"]
[SourceDate "2011.11.24"]
[SourceVersion "1"]
[SourceVersionDate "2011.11.24"]
[SourceQuality "1"]

1. d4 Nf6 2. c4 e6 3. Nf3 d5 4. Nc3 Be7 5. Bg5 Nbd7 6. e3 0-0 7. Bd3 dxc4 8. Bxc4 c5 9. 0-0 cxd4 10. exd4 a6 11. a3 b5 12. Ba2 Bb7 13. Re1 Rc8 14. Qd3 Nb6 15. Rad1 1/2-1/2